| 000 | 01114cam a22002891 4500 | ||
|---|---|---|---|
| 001 | 29299 | ||
| 003 | BD-RjUL | ||
| 005 | 20211209051409.0 | ||
| 008 | 140403r19611951mnu bs 001 0 eng d | ||
| 035 | _a(BD-RjUL)29384 | ||
| 035 | _a(OCoLC)166026 | ||
| 040 |
_aDLC _cOTifH _dOCoLC _dNBrockU _dUk _dBD-RjUL _dDLC _beng |
||
| 041 | _aeng | ||
| 082 | 0 | 0 |
_a616.8 _bHAA 1961 |
| 100 | 1 |
_aHathaway, Starke R. _q(Starke Rosecrans), _d1903-1984. _989409 |
|
| 245 | 1 | 3 |
_aAn atlas for the clinical use of the MMPI / _cby Starke R. Hathaway and Paul E. Meehl. |
| 260 |
_aMinneapolis : _bUniversity of Minnesota Press, _c1951 [printing 19+61]. |
||
| 300 |
_axliv, 799 p. ; _c27 cm. |
||
| 500 | _a"A case history handbook for professional uses of the Minnesota multiphasic personality inventory." | ||
| 504 | _aBibliographical reference and index. | ||
| 600 | 1 | 0 |
_aHathaway, Starke R. _q(Starke Rosecrans), _d1903-1984. _989414 |
| 650 | 0 |
_aPsychiatry _vCase studies. _939516 |
|
| 700 | 1 |
_aMeehl, Paul E. _q(Paul Everett), _d1920-2003, _ejoint author. _988716 |
|
| 942 |
_2ddc _cBK |
||
| 999 |
_c29299 _d29299 |
||